000 00624nam a22001817a 4500
999 _c192546
_d192546
005 20220926170744.0
010 _aENG-135203
020 _c950.00
_a978-81-9311-024-9
035 _aEN-118734
037 _bDBAD/PUB
082 _2200
100 _aZinta, Roshan Lal
245 _aReligious paychology:
_bConflicts reconciliation through possession of local deities/
_cRoshan Lal Zinta and Dipika Negi
260 _aNew Delhi
_bIndu Book Service
_c2016
270 _bNew Delhi
_a4638, 1 First Floor, 21, Ansari Road, Daryaganj
_e110002
300 _a135p.
_c22cm(hbk)
_bindex
942 _2ddc
_cEN
_h200
_mZIN